=LDR 00000nam 2200000 4500 =001 INLIS000000000052203 =005 20260427082122 =035 ##$$a 0010-0118000391 =007 ta =008 260427################g##########0#ind## =020 ##$$a 978-602-425-043-0 =082 ##$$a 344.046 =084 ##$$a 344.046 SUK h =100 #$$a Sukanda Husin =245 1#$$a Hukum Lingkungan Internasional /$c Sukanda Husin =260 ##$$a Jakarta :$b Rajawali Pers,$c 2016 =300 ##$$a xvii, 234 hlm. ; $c 23 cm =500 ##$$a Biografi : hlm. 225-233 =650 #4$$a Hukum Lingkungan =504 ##$$a Bibliografi : hlm. 209-223 =990 ##$$a 21705190 =990 ##$$a 21705189 =990 ##$$a 21705188 =990 ##$$a 21705187 =990 ##$$a 21705186